000 00409nam a2200157Ia 4500
005 20241105121735.0
008 240126s9999 xx 000 0 und d
020 _a9781785783722
082 _a530.092 GRI;1 R
100 _aGribbin, John. Gribbin, Mary.
245 0 _aRichard Feynman : a life in science
260 _bIcon Books
_aLondan
_c1997
300 _axviii, 398
440 _aNULL
942 _cPU
999 _c285227
_d285227